| 000 | 00631nam a22002057a 4500 | ||
|---|---|---|---|
| 003 | OSt | ||
| 005 | 20251002025354.0 | ||
| 008 | 251002b |||||||| |||| 00| 0 eng d | ||
| 020 | _a9786218016002 | ||
| 040 |
_aDWC-Main Lib. _cOC |
||
| 082 | _25th ed. | ||
| 100 | _aALMINAR- MUTYA, RUBY F. | ||
| 245 |
_aElements of marketing/ _cALMINAR- MUTYA, RUBY F. |
||
| 260 |
_aMandaluyong, City, Philippines : _bNational Book Store, _cc2015. |
||
| 300 |
_a290 pages : _billustrations ; _c23 cm. |
||
| 504 | _aIncludes index. | ||
| 650 | _a1. Marketing. I., Title. | ||
| 760 | _b5th ed. | ||
| 942 |
_2ddc _cBK - FIL _e5th ed. _hFil. _n0 |
||
| 999 |
_c4626 _d4626 |
||